| 000 | 00801nam a2200325Ia 4500 | ||
|---|---|---|---|
| 008 | 161109s9999||||xx |||||||||||||| ||und|| | ||
| 020 | _a"81-7030-829-0(Vol.XII), 81-7030-771-6(Set)" | ||
| 040 | _cSKT - English | ||
| 082 | _aVi.A / | ||
| 082 | _bBORI-100672 | ||
| 100 | _aMahaprabhu Shri Vallabhacharya | ||
| 245 | _aSri Subodhini | ||
| 250 | _b1 | ||
| 260 | _aDelhi | ||
| 260 | _bSri Satguru Publications | ||
| 260 | _c2005 | ||
| 300 | _axlviii + 6911 + 5 | ||
| 300 | _bXII | ||
| 300 | _cB | ||
| 300 | _eHardbound | ||
| 530 | _u0000100672.Pdf | ||
| 563 | _aText | ||
| 600 | _aMahaprabhu Shri Vallabhacharya | ||
| 630 | _aSri Subodhini | ||
| 650 | _aEpic | ||
| 650 | _aPuran | ||
| 700 | _aMahaprabhu Shri Vallabhacharya | ||
| 730 | _aSri Subodhini | ||
| 942 | _cBOOK | ||
| 999 |
_c1406300 _d1406297 |
||